000
00284nam a22001217a 4500
082
_a
621.38928 CLE'P
100
_a
CLENDINING, J
_9
58640
245
_a
PRINCIPLES AND USE OF SERVICING INSTRUMENTS
250
_a
2ND
260
_a
LONDON
_b
BLACKIE
_c
1959
300
_a
205P
942
_c
BK
999
_c
568793
_d
568793